00520nam a2200205Ia 4500001000600000003000500006008004100011010001100052040000900063082001600072100002300088245007300111260003400184300002100218440000500239500000500244503000800249650002400257650003300281Z_978CHAP220113s1984 xx 000 0 und d a164054 cCHAP a001.6424 H6 aHofeditz, Calvin A aComputer programming languages made simple /cby Calvin A. Hofeditz aNew York :bDoubleday,c1984 a177 p. : bilus. a a aC/E aComputación I. t. aLenguajes de programación